• 首页
  • 本馆介绍
  • 公告通知
  • 最新文献
  • 馆藏检索
  • 电子资源
  • 读者导购
  • 参考咨询
  • 我的图书馆
  • 登录
  • 详细信息显示
  • 放入我的书架
  • 预约/预借图书
  • 作者相关作品
  • 分类相关作品
  • 丛书相关作品
  • 出版社相关作品

书目信息

  • 表格格式
  • 工作单格式
  • 卡片格式
题名:
中日文化比较研究论集
    
 
作者: 王秋菊 主编
分册: 第一辑  
出版信息: 沈阳   东北大学出版社  2014.9
页数: 350页
开本: 23cm
丛书名:
单 册:
中图分类: G04-53
科图分类:
主题词: 比较文化--Bi Jiao Wen Hua--中国--日本--文集 , 中国--Zhong Guo , 日本--Ri Ben , 文集--Wen Ji
电子资源:
ISBN: 978-7-5517-0692-6
000 00895nam0 22002771 450
001 351139
005 20161012081029.14
010    @a978-7-5517-0692-6@dCNY69.00
100    @a20141124d2014 em y0chiy0110 ea
101 0  @achi@ajpn
102    @aCN@b210000
105    @ay z 000yy
106    @ar
200 1  @a中日文化比较研究论集@AZhong Ri Wen Hua Bi Jiao Yan Jiu Lun Ji@h第一辑@f王秋菊主编
210    @a沈阳@c东北大学出版社@d2014.9
215    @a350页@d23cm
300    @a本论集由日本相爱大学人文科学研究所资助出版
330    @a本书主要内容包括:基调演讲;部会A:文学文化研究和部会B:科技文化研究三部分,
606 0  @a比较文化@ABi Jiao Wen Hua@y中国@y日本@j文集
606 0  @a中国@AZhong Guo
606 0  @a日本@ARi Ben
606 0  @a文集@AWen Ji
690    @aG04-53@v5
701  0 @a王秋菊@AWang Qiu Ju@4主编
801  0 @aCN@bTANGWEI@c20160812
905    @b0893316-20@dG04-53@e102:1@f5
    
    中日文化比较研究论集.第一辑/王秋菊主编.-沈阳:东北大学出版社,2014.9
    350页;23cm
    本论集由日本相爱大学人文科学研究所资助出版
    
    ISBN 978-7-5517-0692-6:CNY69.00
    本书主要内容包括:基调演讲;部会A:文学文化研究和部会B:科技文化研究三部分,
●
相关链接 在E读中查询图书 在五车中查询图书 在当当中查询图书 在豆瓣中查询图书


正题名:中日文化比较研究论集     索取号:G04-53/102:1         预约/预借

序号 登录号 条形码 馆藏地/架位号 状态 备注
1 0893316   208933163   第一样本阅览室/ [索取号:G04-53/102:1] 在馆    
2 0893317   208933172   第四借阅区/ [索取号:G04-53/102:1] 在馆    
3 0893318   208933181   第四借阅区/ [索取号:G04-53/102:1] 在馆    
4 0893319   208933190   第四借阅区/ [索取号:G04-53/102:1] 在馆    
5 0893320   208933207   第四借阅区/ [索取号:G04-53/102:1] 在馆    
唐山师范学院图书馆 欢迎您!
大连网信软件有限公司© 版权所有